Minecraft Loot: Trail Ruins Rare Archaeology - Statistics

General Stats
  • This quiz has been taken 5 times
  • The average score is 9 of 12
Answer Stats
Item Weight % Correct
Friend Pottery Sherd 8.3%
100%
Howl Pottery Sherd 8.3%
100%
Burn Pottery Sherd 8.3%
75%
Danger Pottery Sherd 8.3%
75%
Heartbreak Pottery Sherd 8.3%
75%
Heart Pottery Sherd 8.3%
75%
Host Armor Trim 8.3%
75%
Raiser Armor Trim 8.3%
75%
Sheaf Pottery Sherd 8.3%
75%
Music Disc (Relic) 8.3%
50%
Shaper Armor Trim 8.3%
50%
Wayfinder Armor Trim 8.3%
50%
No matching quizzes found
Score Distribution
Percent of People with Each Score
Percentile by Number Answered
Your Score History
You have not taken this quiz